Filosofía fundamental

El filósofo español Jaime Balmes, formado en la tradición del doctor de la iglesia, el aquinate, ofrece con esta obra una presentación monumental de los principales problemas y conceptos de la tradición filosófica desde la antigüedad hasta la modernidad. En este primer tomo, compuesto por tres libro...

সম্পূর্ণ বিবরণ

সংরক্ষণ করুন:
গ্রন্থ-পঞ্জীর বিবরন
প্রধান লেখক: Balmes, Jaime
বিন্যাস: গ্রন্থ
ভাষা:Undetermined
প্রকাশিত: París, Francia Garnier Hermanos [s.f.]
বিষয়গুলি:
ট্যাগগুলো: ট্যাগ যুক্ত করুন
কোনো ট্যাগ নেই, প্রথমজন হিসাবে ট্যাগ করুন!

MARC

LEADER 00000nam a2200000Ia 4500
008 170316s9999 xx 000 0 und d
040 |a cru BVZT 
090 |a 100 B-6f 
100 |a Balmes, Jaime  |9 1567 
245 |a Filosofía fundamental  |c / Jaime Balmes 
260 |a París, Francia  |b Garnier Hermanos  |c [s.f.] 
300 |a 535 páginas Tomo II. 
520 |a El filósofo español Jaime Balmes, formado en la tradición del doctor de la iglesia, el aquinate, ofrece con esta obra una presentación monumental de los principales problemas y conceptos de la tradición filosófica desde la antigüedad hasta la modernidad. En este primer tomo, compuesto por tres libros, se parte del problema de la certeza y lo verdadero, en el segundo libro se concentra en el desarrollo de la estética, intitulado: de las sensaciones; para llegar, finalmente, a la cuestión de la física en el tercer libro, tratando los problemas de la extensión y el espacio 
650 |a FILOSOFÍA  |9 5 
999 |c 15802  |d 15802 
942 |c 15 D  |h 100 B-6f  |2 z